000 01857cam a2200505 a 4500
001 21060
003 VRT
005 20260211123216.0
008 220107s2003 xo a br 0000j slo
015 _aSNBA2003/11-04470
020 _a8055105731
035 _aSNK000418379
035 _aurn:nbn:sk:snk-am3ix58
035 _a07872580-EE92-482C-B009-EC9EA4015FB4
035 _aurn:nbn:sk:snk-am00g3ve
039 9 _a202408131137
_bAUTHORITY
_c202408131136
_dAUTHORITY
_c202201070917
_dVLOAD
_c202201051625
_dVLOAD
040 _aSNK
_bslo
_cSNK
_eAACR2
041 0 _aslo
044 _axo
_cSK
072 7 _a821-93
_xLiteratúra pre deti a mládež (beletria)
_2konspekt
080 _a821.162.4-93
_21997
080 _a821.162-1(0.053.2)
_21997
080 _a821.162.4-32
_22011
080 _a82-93-053.4/.5
_22011
100 1 _aMiler, Zdeněk,
_d1921-2011
_4aut
_4ill
245 1 0 _aŠibal krtko
_cZdeněk Miler, Nataša Ďurinová
250 _a1. vyd.
260 _aBratislava
_bIkar
_c2003
300 _a29 strán
_bfarebné ilustrácie
_c24 cm
500 _aFarebná ilustrácia na titulnej strane a predsádkach
655 7 _aslovenské príbehy
_2SNKPH
655 7 _aliteratúra pre deti
_2SNKPH
700 1 _aĎurinová, Nataša,
_d1955-
_4aut
910 _asnk
942 _2ddc
_cKLDE
_n0
949 _617A0404146
_9P60, <03>, [BOOK], {603}
_asnkSC 113709
_bsnkKSP 14719/2003
_s6100:20210507
949 _617A0408161
_9P60, <04>, [BOOK], {604}
_asnkSC 113709 D1
_bsnkKSP 9/2004
949 _64710710569
_astrmkM
_bstrmk2010/10569
949 _64710710607
_astrmkM
_bstrmk2010/10607
949 _64710703220
_astrmkM
_bstrmk2008/3220
949 _63869A07739
_abpksh087.5
_bbpksh51804
949 _60174026331
_alesknPRINT
_blesknBD2012/19519
949 _63912000966
_aknkjsde/M
_bknkjs2008/261660
949 _6273K0124751
_asvkpoB 72675
_bsvkpo466506
999 _c21060
_d21060